00955nam a2200193 a 450000100060000000300090000600800410001502000150005604000280007108200160009910000690011524500650018426000300024930000110027949000310029050504050032165000190072665000160074515225CO-ViMGA141112s2004 ck r 000 u spa d a9589400159 aCO-ViMGAbspacCO-ViMGA04a618.92 Q8381 aQuevedo V., Augusto; Martinez P., Yomara; Duque M., Jose Ignacio10aFundamentos de pediatría : bEl niño en estado crítico aMedellín, cCib, c2001 a642.p. aFundamentos de Pediatría aGeneralidades Falla respiratoria Falla cardiocirculatoria Falla renal e Hidroelectrolítica Falla hepática y nutricional Falla endocrina y metabólica Falla inmunológica y enfermedades infecciosas Falla del sistema nervioso central Falla hematológica y emergencias oncológicas Envenenamientos graves en cuidado intensivo Trauma Tópicos especiales en la UCI : Unidad de cuidados intensivos14aESTADO CRITICO14aPEDIATRÍA